00386pab a2200121 454500008004000000100002800040245010100068260000900169300001500178362001200193650002600205773003300231180718b2011 xxu||||| |||| 00| 0 eng d aFitzpatrick, Jody et al aA new look at comparative public administration: Trends in research and an agenda for the future c2011 ap.821-830. aNov-Dec aPublic administration aPublic Administration Review